000 00489nam a2200181Ia 4500
003 OSt
005 20200907121636.0
008 190216s9999||||xx |||||||||||||| ||und||
040 _coclc
082 _a536
_bMAT/H
100 _aMathur, D S
_9421
245 0 _aHeat And Thermodynamics /
_cD S Mathur
250 _a3rd Ed.
260 _bSulthan Chand&Sons,
_c1983.
_aNew Delhi:
300 _a685p
650 _aPhysics
942 _cBK
_2ddc
_h536
_iMAT/H
_k536
_mMAT/H
999 _c32962
_d32962